000 00339 a2200157 4500
001 151671
040 _cEscola São Tomás de Aquino
100 _aCERVANTES, Miguel de
240 1 0 _aDom Quixote
_lpor
245 1 0 _aDom Quixote
300 _a185
362 0 _a2001
440 1 _aEdiouro
697 _a*LITERATURA JUVENIL
942 _cBK
999 _c151671
_d151671